[Event "BCF-ch U12"]
[Site "Hull"]
[Date "2024.07.28"]
[Round "1"]
[White "Parikh, Aadhya"]
[Black "Singh, Avyanna"]
[Result "0-1"]
[WhiteElo "861"]
[BlackElo "1615"]
[PlyCount "164"]
[EventDate "2024.07.28"]
[EventType "swiss"]
[EventRounds "7"]
[EventCountry "ENG"]
[SourceTitle "EXT 2025"]
[Source "ChessBase"]
[SourceDate "2024.10.14"]
[SourceVersion "1"]
[SourceVersionDate "2024.10.14"]
[SourceQuality "1"]

1. e4 e5 2. Nf3 Nc6 3. Nc3 Nf6 4. Bb5 Nd4 5. Nxe5 c6 6. Bc4 d6 7. Nxf7 Qe7 8. Nxh8 d5 9. Be2 Nxe2 10. Qxe2 dxe4 11. d3 Bg4 12. f3 exf3 13. Qxe7+ Bxe7 14. gxf3 Bxf3 15. Rf1 Bh5 16. Bf4 Bb4 17. Bd2 0-0-0 18. a3 Re8+ 19. Ne4 Bd6 20. Kf2 Nxe4+ 21. dxe4 Rxh8 22. Kg2 Re8 23. Rae1 Bg6 24. Kg1 Re6 25. Bb4 c5 26. Bc3 Be5 27. Bxe5 Rxe5 28. Rf8+ Kc7 29. Rf4 b6 30. Kf2 a5 31. c3 Kd6 32. Rd1+ Ke7 33. Kf3 Bh5+ 34. Rg4 Bxg4+ 35. Kxg4 Rxe4+ 36. Kg3 Re2 37. Rb1 b5 38. h4 a4 39. Kf3 Rd2 40. Re1+ Kf6 41. Rb1 Kf5 42. Kg3 Rd3+ 43. Kf2 Rh3 44. Kg2 Rxh4 45. Rf1+ Rf4 46. Rd1 Re4 47. Kf2 b4 48. Rd5+ Re5 49. Rd3 bxa3 50. bxa3 Ke6 51. Rd8 Re4 52. Rd3 h5 53. Rh3 g6 54. Rg3 Rg4 55. Re3+ Kd5 56. Ke2 Kc4 57. Kd2 Kb3 58. Re5 c4 59. Rb5+ Ka2 60. Kc2 Kxa3 61. Ra5 h4 62. Re5 h3 63. Re3 Rg2+ 64. Kc1 h2 65. Rh3 Rg1+ 66. Kd2 h1Q 67. Rxh1 Rxh1 68. Ke3 Kb3 69. Kd4 a3 70. Ke3 a2 71. Kd2 Rh2+ 72. Ke3 a1Q 73. Kd4 Rd2+ 74. Kc5 Qa5+ 75. Kc6 Qd5+ 76. Kb6 Rf2 77. Kc7 Rf7+ 78. Kb6 Rf6+ 79. Kc7 Qf7+ 80. Kd8 Qg8+ 81. Ke7 Qg7+ 82. Ke8 Rf8# 0-1

[Event "BCF-ch U12 rapid"]
[Site "Hull"]
[Date "2024.07.27"]
[Round "8"]
[White "Dearing, Alexander"]
[Black "Singh, Avyanna"]
[Result "1-0"]
[WhiteElo "1040"]
[BlackElo "1594"]
[PlyCount "129"]
[EventDate "2024.07.26"]
[EventType "swiss (rapid)"]
[EventRounds "9"]
[EventCountry "ENG"]
[SourceTitle "CBM 221 Extra"]
[Source "ChessBase"]
[SourceDate "2024.09.30"]
[SourceVersion "1"]
[SourceVersionDate "2024.09.30"]
[SourceQuality "1"]

1. d4 d5 2. c4 e6 3. cxd5 exd5 4. Bf4 Nf6 5. Nc3 a6 6. Nf3 Be7 7. e3 0-0 8. Bd3 h6 9. Qc2 c5 10. b3 Nc6 11. 0-0 Bg4 12. Ne5 cxd4 13. Nxc6 bxc6 14. exd4 Rc8 15. Bxa6 Ra8 16. Bd3 c5 17. dxc5 Bxc5 18. Bf5 Bxf5 19. Qxf5 Bd4 20. Rac1 Rc8 21. Qd3 Bb6 22. Rcd1 d4 23. Nb5 Re8 24. Nxd4 Bxd4 25. Qxd4 Qxd4 26. Rxd4 Ra8 27. a4 Re6 28. h3 g5 29. Bd2 Kg7 30. Re1 Rc6 31. Rc1 Re6 32. Bc3 Kg6 33. a5 Ne4 34. Ra4 Nxc3 35. Rxc3 Re1+ 36. Kh2 Rb1 37. a6 Kg7 38. a7 h5 39. b4 h4 40. Rc5 Kf6 41. b5 Ke6 42. Rxg5 f6 43. Ra6+ Kf7 44. Rc5 Kg6 45. b6 Rxb6 46. Rxb6 Rxa7 47. Rcc6 Rf7 48. g3 hxg3+ 49. fxg3 Kg5 50. h4+ Kg6 51. g4 Kg7 52. h5 f5 53. gxf5 Ra7 54. f6+ Kf7 55. h6 Ra2+ 56. Kg3 Ra3+ 57. Kf4 Ra4+ 58. Ke5 Ra5+ 59. Kd6 Kxf6 60. Kd7+ Kf7 61. Kd8 Rd5+ 62. Kc8 Re5 63. Rc7+ Kg8 64. Kd7 Rh5 65. Rb8+ 1-0

[Event "BCF-ch U12 rapid"]
[Site "Hull"]
[Date "2024.07.26"]
[Round "6"]
[White "Singh, Avyanna"]
[Black "Misra, Anay"]
[Result "0-1"]
[WhiteElo "1594"]
[BlackElo "1579"]
[PlyCount "36"]
[EventDate "2024.07.26"]
[EventType "swiss (rapid)"]
[EventRounds "9"]
[EventCountry "ENG"]
[SourceTitle "CBM 221 Extra"]
[Source "ChessBase"]
[SourceDate "2024.09.30"]
[SourceVersion "1"]
[SourceVersionDate "2024.09.30"]
[SourceQuality "1"]

1. e4 d5 2. exd5 Nf6 3. d4 Nxd5 4. Nf3 e6 5. c4 Nf6 6. Be2 Bb4+ 7. Bd2 Bxd2+ 8. Nbxd2 0-0 9. 0-0 Nc6 10. Nb1 b6 11. Nc3 Bb7 12. Qd2 e5 13. d5 Nd4 14. Nxd4 exd4 15. Qxd4 c6 16. Bf3 c5 17. Qd3 Ba6 18. Rad1 Qd7 0-1

[Event "BCF-ch U12 blitz"]
[Site "Hull"]
[Date "2024.07.25"]
[Round "7"]
[White "Dearing, Alexander"]
[Black "Singh, Avyanna"]
[Result "0-1"]
[WhiteElo "1040"]
[BlackElo "1594"]
[PlyCount "106"]
[EventDate "2024.07.25"]
[EventType "swiss (blitz)"]
[EventRounds "9"]
[EventCountry "ENG"]
[SourceTitle "CBM 221 Extra"]
[Source "ChessBase"]
[SourceDate "2024.09.30"]
[SourceVersion "1"]
[SourceVersionDate "2024.09.30"]
[SourceQuality "1"]

1. d4 d5 2. c4 e6 3. cxd5 exd5 4. Nc3 Nf6 5. Nf3 h6 6. Bf4 c5 7. e3 Nc6 8. Bd3 Be7 9. Bb5 a6 10. Bxc6+ bxc6 11. Qa4 Bd7 12. Ne5 Rc8 13. Nxd7 Qxd7 14. Qxa6 0-0 15. 0-0 Nh5 16. Be5 c4 17. Rac1 Ra8 18. Qb6 f6 19. Bc7 f5 20. a4 Nf6 21. Be5 Rfe8 22. Bxf6 Bxf6 23. Qb4 Be7 24. Qb6 Reb8 25. Qxb8+ Rxb8 26. a5 Ra8 27. Ra1 Bd8 28. a6 Bf6 29. a7 Rxa7 30. Rae1 Rb7 31. Na4 Be7 32. Rb1 Ra7 33. Nc3 Bb4 34. Rfc1 Kf7 35. Kf1 Kf6 36. Ke2 Bxc3 37. bxc3 Rb7 38. Ra1 Ra7 39. Rab1 Ra2+ 40. Kf3 g5 41. g3 g4+ 42. Kg2 Qa7 43. Rd1 Rc2 44. Rf1 Rxc3 45. h3 gxh3+ 46. Kxh3 h5 47. Rfc1 Rxc1 48. Rxc1 Qa2 49. Rf1 c3 50. Kg2 c2 51. Rc1 Qb1 52. Rxb1 cxb1Q 53. Kh3 Qh1# 0-1

[Event "BCF-ch U12 blitz"]
[Site "Hull"]
[Date "2024.07.25"]
[Round "3"]
[White "Singh, Avyanna"]
[Black "Copland, Freddie"]
[Result "1-0"]
[WhiteElo "1594"]
[BlackElo "796"]
[PlyCount "39"]
[EventDate "2024.07.25"]
[EventType "swiss (blitz)"]
[EventRounds "9"]
[EventCountry "ENG"]
[SourceTitle "CBM 221 Extra"]
[Source "ChessBase"]
[SourceDate "2024.09.30"]
[SourceVersion "1"]
[SourceVersionDate "2024.09.30"]
[SourceQuality "1"]

1. e4 e5 2. Nf3 Nc6 3. d4 exd4 4. Nxd4 Nxd4 5. Qxd4 Nf6 6. e5 Ng8 7. Bc4 Nh6 8. Bxh6 gxh6 9. e6 fxe6 10. Qxh8 b6 11. Nc3 Bb7 12. 0-0-0 Qg5+ 13. Kb1 Qxg2 14. Rhg1 Qxf2 15. Qxh7 0-0-0 16. Qd3 Qxh2 17. Ba6 Bxa6 18. Qxa6+ Kb8 19. Nb5 Rc8 20. Qxa7# 1-0

[Event "London Mindsports rapid op 4th"]
[Site "London"]
[Date "2024.07.19"]
[Round "4"]
[White "Veeturi, Yashvardhan"]
[Black "Singh, Avyanna"]
[Result "1-0"]
[WhiteElo "1637"]
[BlackElo "1594"]
[PlyCount "127"]
[EventDate "2024.07.19"]
[EventType "swiss (rapid)"]
[EventRounds "5"]
[EventCountry "ENG"]
[SourceTitle "CBM 221 Extra"]
[Source "ChessBase"]
[SourceDate "2024.09.30"]
[SourceVersion "1"]
[SourceVersionDate "2024.09.30"]
[SourceQuality "1"]

1. e4 e5 2. Nf3 Nc6 3. d4 exd4 4. Nxd4 Bc5 5. Nb3 Bb6 6. Nc3 Qf6 7. Qe2 Nge7 8. Be3 d6 9. 0-0-0 Be6 10. f3 h6 11. Kb1 Ng6 12. Nd5 Qd8 13. h3 Qd7 14. c4 Bxe3 15. Qxe3 0-0-0 16. Nd4 Kb8 17. Nb5 a6 18. Nbxc7 Bxd5 19. Nxd5 Rhe8 20. Qc3 Nge7 21. Nxe7 Rxe7 22. Qxg7 f5 23. Qxh6 fxe4 24. fxe4 Rxe4 25. Bd3 Ree8 26. Rhe1 Ne5 27. Qd2 Qc6 28. Rc1 Rg8 29. Be4 Qb6 30. Qe3 Qc7 31. Bd5 Rge8 32. Qb3 Re7 33. Re2 Ree8 34. Rce1 Qh7+ 35. Ka1 Qc7 36. g4 Qd7 37. g5 Nc6 38. Bxc6 Qxc6 39. a3 Rxe2 40. Rxe2 Qh1+ 41. Ka2 Qg1 42. Qe3 Qxe3 43. Rxe3 Rg8 44. h4 Kc7 45. Rg3 Kd7 46. h5 Ke7 47. Kb3 Kf7 48. Kc3 Kg7 49. Kd4 Re8 50. Rg2 Rh8 51. h6+ Kg6 52. Kd5 Rc8 53. b3 Rc5+ 54. Kxd6 Rxg5 55. Rxg5+ Kxg5 56. h7 Kf4 57. h8Q Kg3 58. Qf8 Kg2 59. Qf4 Kh3 60. Qg5 Kh2 61. Ke5 Kh1 62. Kf4 Kh2 63. Kf3 Kh1 64. Qh5+ 1-0

[Event "BCF-chT4S 2324 (4NCL)"]
[Site "England"]
[Date "2024.02.10"]
[Round "5.91"]
[White "Davis, Lee"]
[Black "Singh, Avyanna"]
[Result "1-0"]
[WhiteElo "2076"]
[BlackElo "1356"]
[PlyCount "85"]
[EventDate "2024.02.11"]
[EventType "team-swiss"]
[EventRounds "11"]
[EventCountry "ENG"]
[SourceTitle "EXT 2025"]
[Source "ChessBase"]
[SourceDate "2024.10.14"]
[SourceVersion "1"]
[SourceVersionDate "2024.10.14"]
[SourceQuality "1"]
[WhiteTeam "The Full Ponty"]
[BlackTeam "She Plays To Win Young Stars II"]
[WhiteTeamCountry "ENG"]
[BlackTeamCountry "ENG"]

1. d4 d5 2. c4 dxc4 3. Nf3 Nf6 4. g3 e6 5. Bg2 Be7 6. 0-0 0-0 7. Qc2 Nbd7 8. a4 a5 9. Nbd2 Nb6 10. Nxc4 Nbd5 11. Bd2 Nd7 12. Bxa5 b6 13. Bc3 Bb7 14. Rfd1 N5f6 15. Nfe5 Nd5 16. Nd3 Rb8 17. e4 Nxc3 18. bxc3 c6 19. e5 f6 20. Bh3 f5 21. Nf4 Qc8 22. Nxe6 Rf7 23. Bxf5 Kh8 24. Nf4 Ba6 25. Ne3 Bg5 26. e6 Rf6 27. exd7 Qg8 28. Nh3 Bxe3 29. fxe3 Qf7 30. Bd3 Bb7 31. Rf1 Rxf1+ 32. Rxf1 Qxd7 33. Ng5 Qe7 34. Nf7+ Kg8 35. Bxh7+ Kf8 36. Nd6+ Qf6 37. Rxf6+ gxf6 38. Qg6 Ke7 39. Nxb7 Rxb7 40. Qg7+ Kd6 41. Qxb7 Kd5 42. Bd3 b5 43. Qd7# 1-0